000
00436nam a22001337a 4500
020
_a
9781462525935
082
_a
158
100
_a
Kirk Warren Brown
245
_a
Handbook of mindfulness theory,research and practice
260
_a
New York
_b
The guilford press
_c
2015
300
_a
466p
942
_c
BK
999
_c
3444
_d
3444